Bodies of Water by Letter - B - Statistics

General Stats
  • This quiz has been taken 277 times
  • The average score is 10 of 18
Answer Stats
Hint Answer % Correct
Strait between Russia and Alaska Bering Strait
95%
Sea that borders Ukraine and Romania Black Sea
94%
Deepest lake in the world Baikal
88%
Bay between India and Myanmar Bay of Bengal
88%
Bay that separates France and Spain Bay of Biscay
88%
Strait that goes through Istanbul Bosphorus
85%
The island of Usedom is in this sea Baltic Sea
71%
Sea east of spain Balearic Sea
63%
River that combines with the Ganges in the Ganges Delta Brahmaputra
61%
Sea bordering Norway and Russia Barents Sea
46%
Marsh like outlet of a sea commonly found in the Southern U.S Bayou
46%
The Archipelago Sea is located in this Gulf Gulf of Bothnia
44%
The King Fahd Causeway crosses this gulf Gulf of Bahrain
40%
Major salt lake in Kazakhstan Balkhash
32%
Sea forming the south-western part of the Flores Sea Bali Sea
30%
Innermost part of the Yellow Sea Bohai Sea
8%
Bay south of Massachusetts Buzzards Bay
3%
Primary headstream of the Danube Breg
2%
No matching quizzes found
Score Distribution
Percent of People with Each Score
Percentile by Number Answered
Your Score History
You have not taken this quiz